[Event "BCF-chT4S 1920 (4NCL)"]
[Site "England"]
[Date "2020.01.11"]
[Round "3.86"]
[White "Kassey, Amaan"]
[Black "Priest, Christopher Pa"]
[Result "1/2-1/2"]
[WhiteElo "1562"]
[BlackElo "1645"]
[PlyCount "48"]
[EventDate "2019.11.09"]
[EventType "team-swiss"]
[EventRounds "11"]
[EventCountry "ENG"]
[SourceTitle "EXT 2022"]
[Source "ChessBase"]
[SourceDate "2021.10.06"]
[SourceVersion "1"]
[SourceVersionDate "2021.10.06"]
[SourceQuality "1"]
[WhiteTeam "Oxford IV"]
[BlackTeam "Wessex III"]
[WhiteTeamCountry "ENG"]
[BlackTeamCountry "ENG"]

1. e4 Nf6 2. Nc3 d6 3. h3 c5 4. Nf3 Nc6 5. d4 cxd4 6. Nxd4 Bd7 7. Bc4 a6 8. a3 Rc8 9. Ba2 g6 10. Be3 Bg7 11. 0-0 0-0 12. Re1 b5 13. Nd5 Nxd5 14. exd5 Nxd4 15. Bxd4 Bxd4 16. Qxd4 Rxc2 17. Bb3 Rc7 18. Qh4 Bc8 19. Re4 e5 20. dxe6 fxe6 21. Qxd8 Rxd8 22. Bxe6+ Kg7 23. Bb3 Bb7 24. Rd4 d5 1/2-1/2